000
00190 a2200097 4500
001
12028
100
_a
Felton, M.
245
_a
Mut Rajaji
260
_a
_b
Macmillan
_c
090
_c
9280
_d
9280
942
_a
NUST-CAE
_c
M
_c
36134
999
_c
247101
_d
247101